| 000 | 02271cam a22003135i 4500 | ||
|---|---|---|---|
| 001 | 21068528 | ||
| 003 | OSt | ||
| 005 | 20231009155202.0 | ||
| 008 | 190711s2020 nyu 000 0 eng | ||
| 010 | _a 2019945794 | ||
| 020 | _a9781783789337 | ||
| 020 |
_a9780385351102 _q(hardcover) |
||
| 020 |
_z9780385351119 _q(ebook) |
||
| 040 |
_aDLC _beng _erda _cDLC |
||
| 042 | _apcc | ||
| 082 |
_a813.54 _bOFF/W |
||
| 100 | 1 |
_aOffill, Jenny, _eauthor. |
|
| 245 | 1 | 0 |
_aWeather / _cJenny Offill. |
| 263 | _a2002 | ||
| 264 | 1 |
_aNew York : _bAlfred A. Knopf, _c2020. |
|
| 300 | _a207 pages | ||
| 336 |
_atext _btxt _2rdacontent |
||
| 337 |
_aunmediated _bn _2rdamedia |
||
| 338 |
_avolume _bnc _2rdacarrier |
||
| 520 |
_a"Lizzie Benson slid into her job as a librarian without a traditional degree. But this gives her a vantage point from which to practice her other calling: she is a fake shrink. For years, she has tended to her God-haunted mother and her recovering addict brother. They have both stabilized for the moment, but Lizzie has little chance to spend her new free time with husband and son before her old mentor, Sylvia Liller, makes a proposal. She's become famous for her prescient podcast, Hell and High Water, and wants to hire Lizzie to answer the mail she receives: from left-wingers worried about climate change and right wingers worried about the decline of western civilization. As Lizzie dives into this polarized world, she begins to wonder what it means to keep tending your own garden once you've seen the flames beyond its walls. When her brother becomes a father and Sylvia a recluse, Lizzie is forced to address the limits of her own experience--but still she tries to save everyone, using everything she's learned about empathy and despair, conscience and collusion, from her years of wandering the library stacks . . . And all the while the voices of the city keep floating in--funny, disturbing, and increasingly mad"-- _cProvided by publisher. |
||
| 906 |
_a0 _bibc _corignew _d2 _eepcn _f20 _gy-gencatlg |
||
| 942 |
_2ddc _cBK _h813.54 _iOFF/W _k813.54 _mOFF/W |
||
| 999 |
_c42615 _d42615 |
||